000 00678nam a2200289Ia 4500
005 20260324113207.0
008 008 260324s9999 xx 000 0 eng d
020 _a9781003406440
037 _aEBOOK
040 _aCRL
040 _beng
040 _cCRL
041 _2eng
041 _aeng
084 _qCRL
100 _aMarcin Wojciech Solarz
_91145793
245 4 _aThe 1914–2024 War Atlas
245 0 _bModernity Deciphered Anew
260 _bTaylor and Francis
260 _c2024
365 _a
365 _b220
856 _uhttp://www.taylorfrancis.com/books/9781003406440
942 _cEBOOK
999 _c1735317
_d1735317